000
00261nam a22001217a 4500
008
170615b xxu||||| |||| 00| 0 eng d
041
_a
eng
080
_a
94
100
_a
19
101
_a
SHH
245
_a
NOTES ON THE TESTAMENT
_c
BARNES.A
942
_2
udc
_c
BK
999
_c
17605
_d
17605